000 00663nam a2200241Ia 4500
003 OSt
005 20220927110456.0
006 a|||||r|||| 00| 0
007 ta
008 220926b |||||||| |||| 00| 0 eng d
024 _a76274
037 _cReports
040 _aRTL
_cRTL
_beng
041 _2eng
_aeng
082 _a"X723.236.N38t, G8/GD"
110 _a"Punjab ,Land Revenue (Committee- )(1938)"
_9378632
245 0 _aReport
260 _c1938
650 _aLand Taxation
700 _a"Punjab ,Land Revenue (Committee- )(1938)"
_9378633
942 _h"X723.236.N38t, G8/GD"
_cCC
999 _c696917
_d696917